000 00372pab a2200145 454500
008 180718b1988 xxu||||| |||| 00| 0 eng d
100 _aWood, Adrian
245 _aHow much unemployment is structural
260 _c1988
300 _a71-81
362 _aFeb.
650 _aUnemployment - Europe
773 _aOxford Bulletin of Economics and Statistics
909 _a19998
999 _c19998
_d19998